| 000 | 01217nam a2200229Ia 4500 | ||
|---|---|---|---|
| 999 |
_c40166 _d40166 |
||
| 001 | 6772 | ||
| 003 | GE_BSU | ||
| 005 | 20191227154629.0 | ||
| 008 | 181216s1969||||ge |||||||||||||| ||geo|| | ||
| 040 | _cGE_BSU | ||
| 041 | _ageo | ||
| 080 | _a821.353.1-32 + 355.168(479.22)"1941-1945 გ-51 | ||
| 100 |
_aგიორხელიძე, შ. ; ნემიროვა, მ. _95988 |
||
| 245 |
_aსიცოცხლე ბეწვზე ჰკიდია : _bმოთხრობა დიდი სამამულო ომის მონაწილე ქართველ მზვერავებზე / _cშ. გიორხელიძე, მ. ნემიროვა ; რედ. შ. სალარიძე. |
||
| 264 |
_aთბილისი : _bმერანი, _c1969. |
||
| 300 |
_a284 გვ. ; _c20 სმ. |
||
| 653 | _aსიცოცხლე ბეწვზე ჰკიდია. | ||
| 653 | _aქართველი მზვერავები დიდ სამამულო ომში. | ||
| 700 |
_aნემიროვა, მ. _eავტორი _95989 |
||
| 700 |
_aსალარიძე, შ. _eრედაქტორი _95990 |
||
| 942 |
_cBK _2udc |
||